[Event "Torun op"]
[Site "Torun"]
[Date "2002.??.??"]
[Round "8"]
[White "Pawelec, Lukasz"]
[Black "Pujszo, Artur"]
[Result "1/2-1/2"]
[WhiteElo "1600"]
[BlackElo "1600"]
[PlyCount "62"]
[EventDate "2002.??.??"]
[EventType "swiss"]
[EventRounds "9"]
[EventCountry "POL"]
[SourceTitle "EXT 2007"]
[Source "ChessBase"]
[SourceDate "2006.11.23"]
[SourceVersion "1"]
[SourceVersionDate "2006.11.23"]
[SourceQuality "1"]

1. e4 e5 2. Nf3 Nc6 3. Bc4 Be7 4. d3 d6 5. Nc3 Bg4 6. h3 Bh5 7. Bb5 Nf6 8. Nd5 0-0 9. Bxc6 bxc6 10. Nxe7+ Qxe7 11. Be3 c5 12. c4 h6 13. Rg1 Bxf3 14. Qxf3 Rab8 15. b3 c6 16. Bd2 Rb6 17. g4 Nh7 18. Qg3 f6 19. h4 g5 20. h5 Qe6 21. Qf3 Rf7 22. Qf5 Qxf5 23. gxf5 Rg7 24. a4 Rxb3 25. Ke2 Rgb7 26. a5 a6 27. Rgd1 Rb2 28. Rdc1 Kf7 29. Kd1 Rb8 30. Bc3 R2b3 31. Ke1 Nf8 1/2-1/2

[Event "Torun op"]
[Site "Torun"]
[Date "2002.??.??"]
[Round "1"]
[White "Wodzynski, Michal"]
[Black "Pujszo, Artur"]
[Result "1-0"]
[WhiteElo "1800"]
[BlackElo "1600"]
[PlyCount "63"]
[EventDate "2002.??.??"]
[EventType "swiss"]
[EventRounds "9"]
[EventCountry "POL"]
[SourceTitle "EXT 2007"]
[Source "ChessBase"]
[SourceDate "2006.11.23"]
[SourceVersion "1"]
[SourceVersionDate "2006.11.23"]
[SourceQuality "1"]

1. e4 e5 2. Nf3 Nc6 3. Bb5 a6 4. Ba4 b5 5. Bb3 Be7 6. 0-0 Nf6 7. Re1 0-0 8. c3 d6 9. d4 Bg4 10. d5 Na5 11. Bc2 c5 12. Nbd2 Nb7 13. Nf1 h6 14. Ne3 Bh5 15. Nf5 Kh7 16. Ng3 Bg6 17. Nh4 Ne8 18. Nhf5 Bh4 19. f4 Bxg3 20. Nxg3 Kh8 21. f5 Bh7 22. Nf1 Nf6 23. g4 g6 24. g5 hxg5 25. Bxg5 Kg7 26. Qf3 c4 27. Kh1 Rh8 28. Ne3 gxf5 29. Nxf5+ Bxf5 30. Qxf5 Nc5 31. Bxf6+ Qxf6 32. Rg1+ 1-0